All UK Cabinet Ministers under Theresa May (2016-2019) - Statistics

General Stats
  • This quiz has been taken 161 times
    160 since last reset
  • The average score is 30 of 59
Answer Stats
Minister Title Years Name % Correct
Foreign Secretary 2016-2018 Boris Johnson
99%
Prime Minister 2016-2019 Theresa May
99%
2018-2019 Jeremy Hunt
87%
Health Secretary 2012-2018 Jeremy Hunt
87%
Lord Chancellor / Justice Secretary 2016-2017 Liz Truss
84%
2017-2019 Liz Truss
84%
Chancellor of the Exchequer 2016-2019 Philip Hammond
83%
2017-2019 Michael Gove
79%
International DevelopmentSecretary 2016-2017 Priti Patel
79%
2018-2019 Sajid Javid
79%
Housing Secretary 2016-2018 Sajid Javid
79%
Brexit Secretary 2016-2018 David Davis
76%
Home Secretary 2016-2018 Amber Rudd
71%
2018-2019 Amber Rudd
71%
2018 Dominic Raab
67%
Work & Pensions Secretary 2016-2017 Damian Green
61%
2017 Damian Green
61%
2019 Penny Mordaunt
60%
2017-2019 Penny Mordaunt
60%
2017-2019 Gavin Williamson
59%
Chief Whip 2016-2017 Gavin Williamson
59%
Education Secretary 2016-2018 Justine Greening
52%
2018-2021 Matt Hancock
49%
2018 Matt Hancock
49%
Defence Secretary 2014-2017 Michael Fallon
49%
2017-2019 Andrea Leadsom
48%
Environment Secretary 2016-2017 Andrea Leadsom
48%
International Trade Secretary 2016-2019 Liam Fox
48%
2018-2020 Steve Barclay
48%
Transport Secretary 2016-2019 Chris Grayling
47%
2017-2019 Julian Smith
45%
Business Secretary 2016-2019 Greg Clark
44%
2018-2019 David Gauke
43%
2017-2018 David Gauke
43%
Chief Secretary to the Treasury 2016-2017 David Gauke
43%
Scotland Secretary 2015-2019 David Mundell
43%
2018 Esther McVey
40%
2019 Rory Stewart
40%
Minister for Immigration 2017-2018 Brandon Lewis
35%
2017-2018 David Lidington
35%
Leader of the House of Commons 2016-2017 David Lidington
35%
2018-2019 David Lidington
35%
2018-2019 David Lidington
35%
Wales Secretary 2016-2019 Alun Cairns
32%
2018-2019 James Brokenshire
32%
Northern Ireland Secretary 2016-2018 James Brokenshire
32%
2019 Mel Stride
31%
Leader of the House of Lords 2016-2022 The Baroness Evans
31%
2018-2020 Geoffrey Cox
29%
2018-2019 Damian Hinds
28%
Minister for Employment 2016-2018 Damian Hinds
28%
2018-2019 Jeremy Wright
27%
Attorney General 2014-2018 Jeremy Wright
27%
2018-2019 Karen Bradley
27%
Culture Secretary 2016-2018 Karen Bradley
27%
Chancellor of the Duchy of Lancaster 2016-2018 Patrick McLoughlin
23%
Minister for the Cabinet Office 2016-2017 Ben Gummer
21%
2018-2019 Caroline Nokes
20%
Minister for Energy 2017-2019 Claire Perry
12%
No matching quizzes found
Score Distribution
Percent of People with Each Score
Percentile by Number Answered
Your Score History
You have not taken this quiz since the last reset